000 00686cam a22002411 4500
999 _c9974
_d9974
001 9974
003 BD-JhCC
005 20180404101123.0
008 180403s1961 nyua bde 000 0 eng
035 _a(BD-JhCC)9974
040 _aDLC/ICU
_cICU
_dDLC
_dBD-JhCC
041 _aeng
050 0 0 _aQH211
_b.C54
082 0 0 _a578.03
_bCLA 1961
100 1 _aClark, George L.
_q(George Lindenberg),
_d1892-1969,
245 1 4 _aThe encyclopedia of microscopy /
_c George L. Clark,
260 _aNew York :
_bReinhold Pub. Corp,
_c1961.
300 _a693 p.
_billus.
_c26 cm.
504 _aIncludes bibliographies.
650 0 _aMicroscopy
_xEncyclopedias.
942 _2ddc
_cREF